000 00322 a2200133 4500
245 _aRéanimation et médecine d'urgence
100 _aSociété de Réanimation de Langue Française
260 _c1986
300 _a411 p.
035 _a3573
999 _c17580
_d17580